Wygląd zewnętrzny - Statystyki

Ogólne statystyki
  • Ten quiz został rozwiązany 2 razy
  • Średni wynik to 23 z 46
Statystyki odpowiedzi
J.polski J.angielski % Poprawnych
blady/opalony pale/tanned
100%
pulchny plump
100%
ładny pretty
100%
szczupła/średnia/krępa budowa slim/medium/stocky build
100%
tatuaż tattoo
100%
broda beard
50%
kręcone curly
50%
dołek w policzku dimple
50%
farbowane dyed
50%
starszy elderly
50%
piegi freckles
50%
grzywka fringe
50%
rude włosy ginger/red hair
50%
kozia bródka goatee
50%
przystojny, ładny good-looking
50%
przystojny handsome
50%
mieć przedziałek na środku/z boku have a centre/side parting
50%
wysokie czoło high forehead
50%
tyczkowaty; wysoki i chudy lanky
50%
wąsy moustache
50%
umięśniony muscular
50%
otyły obese
50%
średniego wzrostu of medium height
50%
przekłute uszy pierced ears
50%
przenikliwe niebieskie oczy piercing blue eyes
50%
pospolity, nieatrakcyjny plain
50%
warkocz plait
50%
kucyk ponytail
50%
włosy rzednące na skroniach, zakola receding hairline
50%
blizna scar
50%
do ramion (włosy) shoulder-length
50%
chudy skinny
50%
szczupły slim
50%
nastroszone włosy, postawione na żel spiky
50%
pryszczaty spotty
50%
proste włosy straight
50%
brzydki ugly
50%
niedowaga/nadwaga underweight/overweight
50%
falujące włosy wavy
50%
zmarszczki wrinkles
50%
znamię birthmark
0%
przysadzisty, krępy chunky
0%
aparat na zęby dental brace
0%
wystające kości policzkowe high cheekbones
0%
być po trzydziestce/mieć trzydzieści pięć lat/być pod czterdziestkę in sb early/middle/late thirties
0%
nosić włosy rozpuszczone/spięte wear your hair loose/up
0%
Nie znaleziono quizów pasujących do podanych kryteriów
Rozkład punktacji
Procent ludzi z każdym wynikiem
Percentyl według liczby udzielonych odpowiedzi
Twoja historia wyników
Nie rozwiązałeś tego quizu